[Event "ODJM C 2022"]
[Site "Willingen GER"]
[Date "2022.06.06"]
[Round "3"]
[White "Wolf, Adam"]
[Black "Yan, Haichen"]
[Result "1-0"]
[Termination "normal"]
[Board "12"]
[WhiteElo "926"]
[BlackElo "1188"]
[PlyCount "103"]
[WhiteFideId "34623426"]
[BlackFideId "34607951"]
[EventCountry "GER"]
[EventRounds "9"]
[EventType "swiss"]
[EventDate "2022.06.04"]

1. e4 c5 2. d4 cxd4 3. c3 dxc3 4. Nxc3 a6 5. Bc4 e6 6. Nf3 b5 7. Bb3 Bb7 8. O-O
Nc6 9. Bf4 Nge7 10. Qd2 Ng6 11. Bg5 Be7 12. Bxe7 Qxe7 13. Rad1 Rd8 14. Rfe1 O-O
15. Qe3 d6 16. Qb6 Rb8 17. Re2 Rfd8 18. Red2 Rd7 19. a4 Ba8 20. Qe3 bxa4 21.
Nxa4 Na5 22. Nc5 Rdd8 23. Qd3 Bxe4 24. Nxe4 Nxb3 25. Rc2 d5 26. Ng3 a5 27. Rc3
Nc5 28. Qc2 Na4 29. Qxa4 Rxb2 30. Qxa5 Rbb8 31. Qc7 Qd6 32. Ng5 Rd7 33. Qxd6
Rxd6 34. h3 d4 35. Rcd3 f6 36. N5e4 Rdd8 37. Rxd4 Rxd4 38. Rxd4 Rb1+ 39. Kh2 e5
40. Rd2 Ne7 41. Rd8+ Kf7 42. Nd6+ Ke6 43. Ne8 g6 44. Nc7+ Kf7 45. Ne4 Nc6 46.
Rd6 Ne7 47. Rxf6+ Kg7 48. Ne6+ Kh8 49. Rf8+ Ng8 50. Nf6 Rh1+ 51. Kxh1 h5 52.
Rxg8# 1-0

[Event "ODJM C 2022"]
[Site "Willingen GER"]
[Date "2022.06.06"]
[Round "3"]
[White "Hapke, Marvin"]
[Black "Schilay, Vinzenz"]
[Result "1-0"]
[Termination "normal"]
[Board "13"]
[WhiteElo "1262"]
[BlackElo "1003"]
[PlyCount "57"]
[WhiteFideId "12996580"]
[BlackFideId "12983209"]
[EventCountry "GER"]
[EventRounds "9"]
[EventType "swiss"]
[EventDate "2022.06.04"]

1.e4 e5 2. Nf3 Nc6 3. d4 exd4 4. Nxd4 Nf6 5. Nxc6 bxc6 6. e5 Nd5 7. c4 Nb6 8.
Bd3 d5 9. exd6 Bxd6 10. Be3 Be6 11. c5 Bxc5 12. Bxc5 Qd5 13. Bxb6 cxb6 14. O-O
Rd8 15. Be2 Qg5 16. Qc2 O-O 17. f4 Qf6 18. Nc3 Bf5 19. Qb3 b5 20. Rad1 Qg6 21.
Rxd8 Rxd8 22. Rd1 Re8 23. Rd2 h6 24. Qd1 Qe6 25. Rd8 Rxd8 26. Qxd8+ Kh7 27. Qd2
a5 28. Bd3 Qd6 29. Bxf5+ 1-0

[Event "ODJM C 2022"]
[Site "Willingen GER"]
[Date "2022.06.06"]
[Round "3"]
[White "Stepanjan, Tatevik Mia"]
[Black "Steinkamp, Matthis"]
[Result "1-0"]
[Termination "normal"]
[Board "14"]
[WhiteElo "1057"]
[BlackElo "942"]
[PlyCount "117"]
[WhiteFideId "16246128"]
[BlackFideId "16287622"]
[EventCountry "GER"]
[EventRounds "9"]
[EventType "swiss"]
[EventDate "2022.06.04"]

1. e4 c5 2. Nf3 Nc6 3. Bc4 Qc7 4. b3 a6 5. Bb2 b5 6. Be2 Bb7 7. Nc3 e6 8. d4
Nxd4 9. Nxd4 cxd4 10. Qxd4 Nf6 11. O-O Bc5 12. Qd3 O-O 13. Rad1 Rad8 14. a3 d5
15. exd5 Nxd5 16. Nxd5 Bxd5 17. Qh3 Qf4 18. Bd3 h6 19. Bc1 Qf6 20. Qg3 Bd6 21.
Qg4 Bc6 22. Rd2 Qe5 23. f4 Qc5+ 24. Rdf2 h5 25. Qg5 Qxg5 26. fxg5 Bc5 27. g6
Bxf2+ 28. Rxf2 f6 29. Rd2 f5 30. a4 Rf6 31. axb5 axb5 32. Bb2 Rxg6 33. h3 h4
34. Kh2 Rh6 35. g4 fxg4 36. hxg4 Rd5 37. Re2 Rg5 38. Bc1 Bf3 39. Rf2 Re5 40.
Bxh6 Re1 41. Rxf3 gxh6 42. Bxb5 e5 43. Bc4+ Kg7 44. Rf1 Re4 45. Kh3 Kg6 46. Bd3
Kg5 47. Bxe4 h5 48. Rf5+ Kg6 49. b4 hxg4+ 50. Kxg4 h3 51. Kxh3 Kg7 52. b5 Kg6
53. b6 Kg7 54. b7 Kh6 55. b8=Q Kg6 56. Qg8+ Kh6 57. Qg5+ Kh7 58. Rf7+ Kh8 59.
Qg7# 1-0

[Event "ODJM C 2022"]
[Site "Willingen GER"]
[Date "2022.06.06"]
[Round "3"]
[White "Rabus, Johann"]
[Black "Reh, Krispin"]
[Result "1-0"]
[Termination "normal"]
[Board "15"]
[WhiteElo "1079"]
[BlackElo "1006"]
[PlyCount "109"]
[WhiteFideId "34602950"]
[BlackFideId "16299205"]
[EventCountry "GER"]
[EventRounds "9"]
[EventType "swiss"]
[EventDate "2022.06.04"]

1. e4 c6 2.d4 d5 3. Nc3 dxe4 4. Nxe4 Bf5 5. Ng3 Bg6 6. Nf3 h6 7. Bd3 Bxd3 8.
Qxd3 e6 9. O-O Bd6 10. Be3 Nf6 11. Rad1 Ng4 12. Rfe1 Nd7 13. h3 Nxe3 14. Rxe3
Bf4 15. Re4 Bxg3 16. fxg3 Nf6 17. Re5 O-O 18. c3 Qc7 19. Nd2 Rad8 20. Ne4 Nxe4
21. Rxe4 Rd5 22. Qf3 Rf5 23. Rf4 Rg5 24. Rg4 Qe7 25. Re1 h5 26. Rxg5 Qxg5 27.
Qf4 Qd5 28. a3 c5 29. Re5 Qd6 30. Rxc5 Qb6 31. Rxh5 Qxb2 32. Qh4 Qb1+ 33. Kh2
f6 34. Rh8+ Kf7 35. Qh5+ Ke7 36. Qc5+ Kf7 37. Qxf8+ Kg6 38. Qe8+ Kf5 39. Rh5+
g5 40. g4+ Kf4 41. Qxe6 Qd3 42. Qf5+ Qxf5 43. gxf5 Kxf5 44. Rh7 Kg6 45. Rxb7 f5
46. d5 g4 47. Re7 gxh3 48. d6 Kf6 49. Re1 a5 50. d7 a4 51. d8=Q+ Kg6 52. Re7 f4
53. Qf8 f3 54. Rg7+ Kh6 55. Qh8# 1-0

[Event "ODJM C 2022"]
[Site "Willingen GER"]
[Date "2022.06.06"]
[Round "3"]
[White "Classen, Miguel"]
[Black "Braschler, David"]
[Result "0-1"]
[Termination "normal"]
[Board "16"]
[WhiteElo "881"]
[BlackElo "1046"]
[PlyCount "130"]
[WhiteFideId "34623825"]
[BlackFideId "34623850"]
[EventCountry "GER"]
[EventRounds "9"]
[EventType "swiss"]
[EventDate "2022.06.04"]

1. e4 e5 2. Nf3 Nc6 3. Bb5 Bc5 4. O-O d6 5. h3 Nf6 6. Re1 O-O 7. c3 a6 8. Ba4
Ne7 9. d4 exd4 10. cxd4 Bb4 11. Nbd2 h6 12. a3 Bxd2 13. Qxd2 Ng6 14. Qe2 b5 15.
Bc2 Nh7 16. Qd3 Bb7 17. e5 Re8 18. Bd2 Bxf3 19. gxf3 dxe5 20. Rxe5 Rxe5 21.
dxe5 Qxd3 22. Bxd3 Nxe5 23. Be4 Rb8 24. Rd1 Rd8 25. Kf1 Nc4 26. Ke2 Nxb2 27.
Rc1 Nc4 28. Bb4 Re8 29. Kf1 Rc8 30. Bd3 a5 31. Bc5 a4 32. Bxc4 bxc4 33. Rxc4
Ra8 34. Bd4 Ng5 35. Rxc7 Nxf3 36. Ra7 Rxa7 37. Bxa7 Ne5 38. Ke2 g5 39. Bb8 Nc4
40. Bd6 Nxd6 41. Kd3 Nb5 42. Kc4 Nxa3+ 43. Kb4 Nc2+ 44. Kxa4 f5 45. Kb3 Ne1 46.
Kc3 g4 47. hxg4 fxg4 48. Kd2 Ng2 49. Ke2 Kg7 50. Kf1 Nf4 51. Kg1 Kg6 52. Kh2
Kg5 53. Kg1 h5 54. Kh1 h4 55. Kg1 h3 56. Kh2 Kh4 57. Kh1 Nd3 58. Kg1 g3 59.
fxg3+ Kxg3 60. Kh1 Nf2+ 61. Kg1 h2+ 62. Kf1 h1=Q+ 63. Ke2 Qf3+ 64. Kd2 Qd3+ 65.
Ke1 Qd1# 0-1

[Event "ODJM C 2022"]
[Site "Willingen GER"]
[Date "2022.06.06"]
[Round "3"]
[White "Lau, Lars"]
[Black "Klockhaus, Daniel"]
[Result "0-1"]
[Termination "normal"]
[Board "20"]
[WhiteElo "929"]
[BlackElo "1451"]
[PlyCount "52"]
[WhiteFideId "34623663"]
[BlackFideId "16299132"]
[EventCountry "GER"]
[EventRounds "9"]
[EventType "swiss"]
[EventDate "2022.06.04"]

1. c4 c6 2. Nc3 d5 3. e3 Bf5 4. Nf3 Nf6 5. Be2 Nbd7 6. cxd5 cxd5 7. Bb5 e6 8.
Ne5 Bd6 9. Bxd7+ Nxd7 10. Nxd7 Qxd7 11. b3 O-O 12. Bb2 Bd3 13. Qg4 Be5 14. f4
Bf6 15. h4 b5 16. a3 Rad8 17. h5 h6 18. Kd1 Bf5 19. Qg3 Rfe8 20. Ra2 e5 21. Re1
d4 22. exd4 Qxd4 23. Ba1 exf4 24. Ne2 Qxa1+ 25. Rxa1 fxg3 26. Rc1 Bg5 0-1

[Event "ODJM C 2022"]
[Site "Willingen GER"]
[Date "2022.06.06"]
[Round "3"]
[White "Moissl, Julian"]
[Black "Rabe, Elina"]
[Result "1-0"]
[Termination "normal"]
[Board "21"]
[WhiteElo "1146"]
[BlackElo "764"]
[PlyCount "43"]
[WhiteFideId "16295129"]
[BlackFideId "34623531"]
[EventCountry "GER"]
[EventRounds "9"]
[EventType "swiss"]
[EventDate "2022.06.04"]

1. d4 d5 2. c4 e6 3. Nc3 Nf6 4. Bg5 Be7 5. Nf3 Nc6 6. e3 O-O 7. Bd3 Qd6 8. O-O
e5 9. Nb5 Qd7 10. dxe5 Ne4 11. Bxe7 Qxe7 12. cxd5 Nxe5 13. Bxe4 Ng6 14. Qc2 c5
15. dxc6 b6 16. c7 Bb7 17. Bxb7 Rae8 18. c8=Q Rxc8 19. Bxc8 Rd8 20. Rfd1 Rxd1+
21. Rxd1 h6 22. Bf5 1-0

[Event "ODJM C 2022"]
[Site "Willingen GER"]
[Date "2022.06.06"]
[Round "3"]
[White "Menne, Lukas"]
[Black "Hasselmann, Isabelle Sophia"]
[Result "1-0"]
[Termination "normal"]
[Board "22"]
[WhiteElo "1150"]
[BlackElo "1270"]
[PlyCount "133"]
[WhiteFideId "16288467"]
[BlackFideId "16266951"]
[EventCountry "GER"]
[EventRounds "9"]
[EventType "swiss"]
[EventDate "2022.06.04"]

1. d4 d5 2. Nf3 e6 3. Bf4 Nf6 4. e3 Nc6 5. c3 Bd6 6. Bg3 O-O 7. Bd3 Re8 8. Qe2
e5 9. dxe5 Nxe5 10. Nxe5 Bxe5 11. Bxe5 Rxe5 12. O-O Re8 13. Nd2 c5 14. Qf3 Qe7
15. Bc2 b6 16. Ba4 Bd7 17. Bxd7 Qxd7 18. Nb3 Rad8 19. Rfe1 h6 20. Rad1 Qa4 21.
Nc1 Qc2 22. Qe2 Qa4 23. Qf3 d4 24. Qf4 Kf8 25. exd4 Rxe1+ 26. Rxe1 cxd4 27.
cxd4 Qxd4 28. Qxd4 Rxd4 29. Kf1 Rd2 30. Re2 Rd1+ 31. Re1 Rxe1+ 32. Kxe1 Ke7 33.
f3 Kd6 34. Kd2 Kd5 35. Kd3 g5 36. g4 Nd7 37. b3 Nc5+ 38. Ke3 Ke5 39. h3 f5 40.
Ne2 fxg4 41. hxg4 b5 42. Nc3 b4 43. Nb5 a5 44. Nd4 Kd5 45. Nf5 a4 46. Nd4 a3
47. Nc2 Na6 48. f4 Ke6 49. f5+ Ke5 50. Nd4 Kf6 51. Ke4 Nc7 52. Nc6 Na6 53. Kd4
h5 54. gxh5 Kxf5 55. Ne7+ Ke6 56. h6 Kf6 57. h7 Kg7 58. Kc4 g4 59. Nf5+ Kxh7
60. Kb5 Nc7+ 61. Kxb4 Nd5+ 62. Kxa3 Kg6 63. Ng3 Kf6 64. b4 Ke6 65. Ka4 Nc3+ 66.
Kb3 Kd6 67. Kxc3 1-0

[Event "ODJM C 2022"]
[Site "Willingen GER"]
[Date "2022.06.06"]
[Round "3"]
[White "Kanno, Gabriel"]
[Black "Zheng, Yanchen"]
[Result "1/2-1/2"]
[Termination "normal"]
[Board "23"]
[WhiteElo "838"]
[BlackElo "1111"]
[PlyCount "48"]
[WhiteFideId "34623973"]
[BlackFideId "34622268"]
[EventCountry "GER"]
[EventRounds "9"]
[EventType "swiss"]
[EventDate "2022.06.04"]

1. e4 c5 2. Nf3 d6 3. Nc3 Nf6 4. Bc4 e6 5. d3 Nc6 6. Bg5 Be7 7. h3 a6 8. O-O
O-O 9. d4 cxd4 10. Nxd4 Nxd4 11. Qxd4 b5 12. Bb3 Nd7 13. Bxe7 Qxe7 14. Rfe1 Bb7
15. Re3 Nc5 16. Rg3 e5 17. Qe3 Rad8 18. Qh6 g6 19. Rxg6+ hxg6 20. Qxg6+ Kh8 21.
Qh6+ Kg8 22. Qg6+ Kh8 23. Qh6+ Kg8 24. Qg6+ Kh8 1/2-1/2

[Event "ODJM C 2022"]
[Site "Willingen GER"]
[Date "2022.06.06"]
[Round "3"]
[White "Weidenhöfer, Ben"]
[Black "Kulgemeyer, Justus"]
[Result "1-0"]
[Termination "normal"]
[Board "24"]
[WhiteElo "1044"]
[BlackElo "797"]
[PlyCount "79"]
[WhiteFideId "16273702"]
[BlackFideId "34623671"]
[EventCountry "GER"]
[EventRounds "9"]
[EventType "swiss"]
[EventDate "2022.06.04"]

1. d4 d5 2. e3 Nf6 3. Bd3 e6 4. f4 Bd6 5. Nf3 Nc6 6. O-O b6 7. Bd2 Bb7 8. Be1
Qd7 9. Nbd2 O-O-O 10. Bh4 Rde8 11. Nb1 Ng4 12. Qe2 h6 13. Re1 g5 14. fxg5 hxg5
15. Bg3 Bxg3 16. hxg3 Qd6 17. Ba6 Qxg3 18. Bxb7+ Kxb7 19. Nbd2 Rh7 20. Nf1 Qd6
21. Nxg5 Rh4 22. g3 Rh5 23. Qxg4 Reh8 24. Nxf7 Rh1+ 25. Kg2 Qf8 26. Nxh8 Rxh8
27. Qxe6 Nb4 28. Rec1 c6 29. Qg6 Rg8 30. Qh7+ Rg7 31. Qh3 Rf7 32. a3 Rf2+ 33.
Kh1 Qf3+ 34. Kg1 Nxc2 35. Rxc2 Rxc2 36. Qh7+ Ka6 37. Qxc2 b5 38. Qxc6+ Ka5 39.
b4+ Ka4 40. Qc2# 1-0

[Event "ODJM C 2022"]
[Site "Willingen GER"]
[Date "2022.06.06"]
[Round "3"]
[White "Schwarzfischer, Ramona"]
[Black "Hellmann, Alexander"]
[Result "0-1"]
[Termination "normal"]
[Board "25"]
[WhiteElo "775"]
[BlackElo "949"]
[PlyCount "44"]
[WhiteFideId "16268113"]
[BlackFideId "34612050"]
[EventCountry "GER"]
[EventRounds "9"]
[EventType "swiss"]
[EventDate "2022.06.04"]

1. e4 e5 2. Nf3 Nc6 3. Bc4 Bc5 4. d3 d6 5. c3 Nf6 6. Qe2 O-O 7. Be3 Bxe3 8.
Qxe3 Ne7 9. h3 d5 10. Bb3 dxe4 11. Nxe5 Ned5 12. Bxd5 Qxd5 13. Qf4 exd3 14. c4
Qxg2 15. Qh2 Qe4+ 16. Kd2 Qe2+ 17. Kc3 Ne4+ 18. Kd4 Rd8+ 19. Nd7 Rxd7+ 20. Ke5
f6+ 21. Kf4 g5+ 22. Kf5 Rd5# 0-1

[Event "ODJM C 2022"]
[Site "Willingen GER"]
[Date "2022.06.07"]
[Round "4"]
[White "Fahlbusch, Niclas"]
[Black "Roth, Jonas"]
[Result "0-1"]
[Termination "normal"]
[Board "1"]
[WhiteElo "1280"]
[BlackElo "1239"]
[WhiteClock "00:25:10"]
[BlackClock "00:57:55"]
[PlyCount "124"]
[WhiteFideId "16271548"]
[BlackFideId "34623515"]
[EventCountry "GER"]
[EventRounds "9"]
[EventType "swiss"]
[EventDate "2022.06.04"]

1. d4 {[%clk 1:30:55]} Nf6 {[%clk 1:30:55]} 2. Nc3 {[%clk 1:31:18]} d5 {[%clk
1:31:18]} 3. Bf4 {[%clk 1:31:38]} g6 {[%clk 1:31:38]} 4. f3 {[%clk 1:30:34]}
Bg7 {[%clk 1:29:59]} 5. Qd2 {[%clk 1:24:13]} Nbd7 {[%clk 1:27:36]} 6. Nb5
{[%clk 1:19:51]} O-O {[%clk 1:27:24]} 7. Nxc7 {[%clk 1:19:50]} Nh5 {[%clk
1:27:20]} 8. Nxd5 {[%clk 1:13:32]} Nxf4 {[%clk 1:27:36]} 9. Nxf4 {[%clk
1:13:37]} e5 {[%clk 1:27:57]} 10. dxe5 {[%clk 1:13:56]} Nxe5 {[%clk 1:28:18]}
11. Nd3 {[%clk 1:11:09]} Nxd3+ {[%clk 1:27:00]} 12. exd3 {[%clk 1:10:37]} Bxb2
{[%clk 1:26:59]} 13. Rb1 {[%clk 1:10:51]} Bg7 {[%clk 1:27:21]} 14. Be2 {[%clk
1:11:06]} Qc7 {[%clk 1:27:36]} 15. d4 {[%clk 1:06:12]} Be6 {[%clk 1:26:53]} 16.
c4 {[%clk 1:00:35]} Rfd8 {[%clk 1:26:29]} 17. d5 {[%clk 1:00:42]} Bxd5 {[%clk
1:26:38]} 18. Qc2 {[%clk 0:59:40]} Be6 {[%clk 1:26:33]} 19. Rd1 {[%clk
0:59:56]} Rxd1+ {[%clk 1:25:08]} 20. Bxd1 {[%clk 1:00:17]} Qxc4 {[%clk
1:25:08]} 21. Qxc4 {[%clk 1:00:38]} Bxc4 {[%clk 1:25:33]} 22. a3 {[%clk
1:00:46]} Bc3+ {[%clk 1:25:40]} 23. Kf2 {[%clk 1:01:05]} Rd8 {[%clk 1:25:46]}
24. Ne2 {[%clk 0:59:37]} Bxe2 {[%clk 1:22:40]} 25. Bxe2 {[%clk 0:59:48]} Rd2
{[%clk 1:23:00]} 26. Rc1 {[%clk 0:59:53]} Bb2 {[%clk 1:22:11]} 27. Rc8+ {[%clk
1:00:15]} Kg7 {[%clk 1:22:34]} 28. a4 {[%clk 1:00:28]} Be5 {[%clk 1:18:20]} 29.
h3 {[%clk 0:59:49]} Ra2 {[%clk 1:12:59]} 30. Rc4 {[%clk 0:59:55]} h5 {[%clk
1:12:54]} 31. Ke3 {[%clk 0:59:07]} g5 {[%clk 1:11:26]} 32. h4 {[%clk 0:54:20]}
f6 {[%clk 1:10:25]} 33. Rb4 {[%clk 0:53:12]} Bf4+ {[%clk 1:09:20]} 34. Kf2
{[%clk 0:52:37]} Kg6 {[%clk 1:08:06]} 35. hxg5 {[%clk 0:51:39]} fxg5 {[%clk
1:08:17]} 36. Kf1 {[%clk 0:48:29]} Bg3 {[%clk 1:08:08]} 37. Bd3+ {[%clk
0:48:26]} Kf6 {[%clk 1:08:27]} 38. Bb1 {[%clk 0:47:08]} Ra1 {[%clk 1:07:33]}
39. Ke2 {[%clk 0:47:21]} Ke6 {[%clk 1:05:54]} 40. Kd2 {[%clk 0:46:45]} Ra3
{[%clk 1:05:05]} 41. Bc2 {[%clk 0:45:45]} b6 {[%clk 1:05:00]} 42. Bb3+ {[%clk
0:42:18]} Kd6 {[%clk 1:04:49]} 43. Kc2 {[%clk 0:40:15]} Ra1 {[%clk 1:04:54]}
44. Rd4+ {[%clk 0:40:24]} Ke7 {[%clk 1:03:42]} 45. Re4+ {[%clk 0:39:02]} Kd6
{[%clk 1:03:05]} 46. Rd4+ {[%clk 0:34:23]} Kc6 {[%clk 1:02:53]} 47. Rd5 {[%clk
0:32:03]} Bf4 {[%clk 1:02:51]} 48. Rf5 {[%clk 0:31:26]} Rg1 {[%clk 1:02:20]}
49. Rf6+ {[%clk 0:31:17]} Bd6 {[%clk 1:01:37]} 50. Rg6 {[%clk 0:29:11]} Rxg2+
{[%clk 1:01:58]} 51. Kd3 {[%clk 0:29:35]} Kc5 {[%clk 1:00:41]} 52. Ke4 {[%clk
0:27:47]} Re2+ {[%clk 0:58:26]} 53. Kf5 {[%clk 0:26:42]} Bf4 {[%clk 0:58:27]}
54. Rg7 {[%clk 0:23:46]} Kb4 {[%clk 0:58:04]} 55. Be6 {[%clk 0:23:20]} Kxa4
{[%clk 0:57:25]} 56. Rxa7+ {[%clk 0:23:44]} Kb4 {[%clk 0:57:37]} 57. Rb7 {[%clk
0:23:52]} Kc5 {[%clk 0:56:53]} 58. Rc7+ {[%clk 0:23:58]} Bxc7 {[%clk 0:57:14]}
59. Kxg5 {[%clk 0:24:23]} Rxe6 {[%clk 0:57:22]} 60. Kxh5 {[%clk 0:24:46]} b5
{[%clk 0:57:37]} 61. f4 {[%clk 0:24:52]} Bxf4 {[%clk 0:57:42]} 62. Kg4 {[%clk
0:25:10]} b4 {[%clk 0:57:55]} 0-1

[Event "ODJM C 2022"]
[Site "Willingen GER"]
[Date "2022.06.07"]
[Round "4"]
[White "Ollhoff, Hannes"]
[Black "Hildebrand, Azat"]
[Result "1-0"]
[Termination "normal"]
[Board "3"]
[WhiteElo "1235"]
[BlackElo "1190"]
[WhiteClock "00:39:58"]
[BlackClock "00:43:04"]
[PlyCount "47"]
[WhiteFideId "16266927"]
[BlackFideId "34607536"]
[EventCountry "GER"]
[EventRounds "9"]
[EventType "swiss"]
[EventDate "2022.06.04"]

1. d4 {[%clk 1:30:55]} Nf6 {[%clk 1:30:39]} 2. c4 {[%clk 1:31:08]} e6 {[%clk
1:30:32]} 3. Nc3 {[%clk 1:31:18]} Bb4 {[%clk 1:30:20]} 4. Qc2 {[%clk 1:30:54]}
O-O {[%clk 1:29:55]} 5. a3 {[%clk 1:29:37]} Bxc3+ {[%clk 1:29:54]} 6. Qxc3
{[%clk 1:29:52]} d5 {[%clk 1:28:39]} 7. Bg5 {[%clk 1:27:56]} b6 {[%clk
1:26:28]} 8. cxd5 {[%clk 1:26:00]} exd5 {[%clk 1:23:28]} 9. e3 {[%clk 1:22:07]}
Nbd7 {[%clk 1:21:16]} 10. Nf3 {[%clk 1:20:26]} c5 {[%clk 1:18:43]} 11. Bd3
{[%clk 1:17:44]} Bb7 {[%clk 1:15:46]} 12. O-O {[%clk 1:15:50]} Rc8 {[%clk
1:12:59]} 13. Qd2 {[%clk 1:12:43]} Re8 {[%clk 1:10:35]} 14. Rac1 {[%clk
1:10:48]} h6 {[%clk 1:06:19]} 15. Bh4 {[%clk 1:09:16]} Qe7 {[%clk 1:04:53]} 16.
Bf5 {[%clk 1:04:19]} Rc7 {[%clk 0:56:01]} 17. Bg3 {[%clk 0:55:56]} Rc6 {[%clk
0:53:11]} 18. Ne5 {[%clk 0:51:43]} Nxe5 {[%clk 0:51:26]} 19. Bxe5 {[%clk
0:49:41]} Nd7 {[%clk 0:49:19]} 20. Bf4 {[%clk 0:45:45]} Rf6 {[%clk 0:48:25]}
21. Bb1 {[%clk 0:40:55]} c4 {[%clk 0:46:19]} 22. Qc2 {[%clk 0:39:39]} b5 {[%clk
0:44:06]} 23. Qh7+ {[%clk 0:39:58]} Kf8 {[%clk 0:43:04]} 24. Qh8# 1-0

[Event "ODJM C 2022"]
[Site "Willingen GER"]
[Date "2022.06.07"]
[Round "4"]
[White "Heß, Maxim"]
[Black "Löffelholz, Simon"]
[Result "1-0"]
[Termination "normal"]
[Board "4"]
[WhiteElo "1146"]
[BlackElo "1044"]
[WhiteClock "00:21:19"]
[BlackClock "00:24:54"]
[PlyCount "49"]
[WhiteFideId "16287550"]
[BlackFideId "34623620"]
[EventCountry "GER"]
[EventRounds "9"]
[EventType "swiss"]
[EventDate "2022.06.04"]

1. d4 {[%clk 1:30:56]} d5 {[%clk 1:30:52]} 2. e3 {[%clk 1:31:13]} Nf6 {[%clk
1:31:14]} 3. Nf3 {[%clk 1:31:13]} g6 {[%clk 1:31:33]} 4. c4 {[%clk 1:31:22]} e6
{[%clk 1:26:25]} 5. Be2 {[%clk 1:30:42]} Bg7 {[%clk 1:25:48]} 6. Nc3 {[%clk
1:26:37]} O-O {[%clk 1:23:36]} 7. Rb1 {[%clk 1:18:16]} a5 {[%clk 1:13:58]} 8.
b3 {[%clk 1:15:26]} Nc6 {[%clk 1:04:54]} 9. Bb2 {[%clk 1:14:19]} Qe7 {[%clk
0:58:58]} 10. O-O {[%clk 1:11:06]} Rd8 {[%clk 0:55:24]} 11. Qc1 {[%clk
0:56:44]} b6 {[%clk 0:47:23]} 12. a3 {[%clk 0:55:36]} Bd7 {[%clk 0:44:02]} 13.
Qc2 {[%clk 0:45:37]} Qf8 {[%clk 0:39:52]} 14. Rbc1 {[%clk 0:39:24]} Rdc8 {[%clk
0:39:43]} 15. Rfe1 {[%clk 0:36:02]} Bh6 {[%clk 0:39:23]} 16. Ne5 {[%clk
0:32:37]} Qd8 {[%clk 0:34:30]} 17. cxd5 {[%clk 0:24:19]} exd5 {[%clk 0:33:36]}
18. Nxd7 {[%clk 0:24:14]} Qxd7 {[%clk 0:31:35]} 19. Nxd5 {[%clk 0:21:08]} Nxd4
{[%clk 0:27:07]} 20. Nxf6+ {[%clk 0:21:16]} Kg7 {[%clk 0:24:47]} 21. Nxd7
{[%clk 0:21:38]} Kg8 {[%clk 0:24:45]} 22. Nf6+ {[%clk 0:21:44]} Kg7 {[%clk
0:24:47]} 23. Bxd4 {[%clk 0:22:03]} Kf8 {[%clk 0:24:48]} 24. Bg4 {[%clk
0:21:17]} Rd8 {[%clk 0:24:54]} 25. Nd7+ {[%clk 0:21:19]} 1-0

[Event "ODJM C 2022"]
[Site "Willingen GER"]
[Date "2022.06.07"]
[Round "4"]
[White "Moissl, Felix"]
[Black "Akcapinar, Timur"]
[Result "0-1"]
[Termination "normal"]
[Board "5"]
[WhiteElo "928"]
[BlackElo "1278"]
[WhiteClock "00:58:23"]
[BlackClock "00:27:26"]
[PlyCount "68"]
[WhiteFideId "34623574"]
[BlackFideId "16287509"]
[EventCountry "GER"]
[EventRounds "9"]
[EventType "swiss"]
[EventDate "2022.06.04"]

1. e4 {[%clk 1:30:59]} c5 {[%clk 1:30:56]} 2. c3 {[%clk 1:31:22]} d5 {[%clk
1:30:59]} 3. f3 {[%clk 1:29:40]} dxe4 {[%clk 1:28:58]} 4. fxe4 {[%clk 1:29:49]}
e5 5. Bc4 {[%clk 1:29:29]} Qh4+ {[%clk 1:26:48]} 6. Kf1 {[%clk 1:29:10]} Nf6
{[%clk 1:24:15]} 7. d3 {[%clk 1:28:51]} Nc6 {[%clk 1:15:22]} 8. Nf3 {[%clk
1:26:07]} Qh5 {[%clk 1:07:45]} 9. Be3 {[%clk 1:19:55]} Be6 {[%clk 1:06:32]} 10.
Nbd2 {[%clk 1:14:56]} Ng4 {[%clk 1:02:34]} 11. Qe2 {[%clk 1:12:23]} Nxe3+
{[%clk 1:01:57]} 12. Qxe3 {[%clk 1:11:26]} Be7 {[%clk 1:00:48]} 13. Ke1 {[%clk
1:10:00]} O-O {[%clk 0:59:04]} 14. Kd1 {[%clk 1:09:30]} a6 {[%clk 0:57:26]} 15.
Kc2 {[%clk 1:08:54]} b5 {[%clk 0:57:29]} 16. Bd5 {[%clk 1:08:33]} Rac8 {[%clk
0:49:09]} 17. Rag1 {[%clk 1:05:42]} b4 {[%clk 0:48:22]} 18. c4 {[%clk 1:03:26]}
Nd4+ {[%clk 0:45:44]} 19. Kb1 {[%clk 1:02:20]} a5 {[%clk 0:41:37]} 20. h3
{[%clk 1:02:09]} Bd6 {[%clk 0:34:02]} 21. g4 {[%clk 1:01:26]} Qg6 {[%clk
0:32:49]} 22. g5 {[%clk 1:00:12]} f5 {[%clk 0:28:03]} 23. gxf6 Qxf6 {[%clk
0:27:29]} 24. Rg3 {[%clk 0:57:56]} Bxd5 {[%clk 0:27:06]} 25. exd5 {[%clk
0:57:11]} Nf5 {[%clk 0:27:26]} 26. Qf2 {[%clk 0:56:46]} Nxg3 {[%clk 0:26:05]}
27. Qxg3 {[%clk 0:57:01]} e4 {[%clk 0:26:27]} 28. Qg4 {[%clk 0:57:14]} exf3
{[%clk 0:26:49]} 29. Rg1 {[%clk 0:57:29]} f2 {[%clk 0:26:33]} 30. Rf1 {[%clk
0:57:38]} Qf5 {[%clk 0:26:50]} 31. Qg2 {[%clk 0:57:52]} Qxd3+ {[%clk 0:27:04]}
32. Kc1 {[%clk 0:57:53]} Bf4 {[%clk 0:27:04]} 33. Rxf2 {[%clk 0:58:04]} Bxd2+
{[%clk 0:27:02]} 34. Rxd2 {[%clk 0:58:23]} Qxc4+ {[%clk 0:27:26]} 0-1